000 00530nam a22001697a 4500
999 _c181475
_d181475
005 20210923151120.0
010 _aENG-129954
020 _a9789386720276
_c399.00
035 _aEN-113454
037 _bDBAD/PUB
082 _a000
245 _aGeneral Intelligence & Reasoning :
_cedited by Saifuddin Nawab
260 _bRathore
_aIndia
_c2019
270 _bGhaziabad
_e201010
_aBasement,260,Shaktikhand-III Indirapuram
_mrathorepublishers@gmail.com
300 _a155p.
_c25cm(hbk)
942 _2ddc
_cEN
_h000
_mGEN